00931nam a2200205Ia 4500003000900000008004100009020001800050040001600068080002200084111008500106245025200191260003400443300002300477650004100500650002100541700003300562942000700595999001500602952010800617IN-BaIIA211028s9999 xx 000 0 eng d a3-540-15206-7 cIIA Library a524.352(063)bSUP aWorkshop on Supernovae As Distance indicatorscCambridged1984 Sep. 27-28914474 0aSuperNovae as distance indicatorsbproceedings of a meeting on superNovae as distance indicatorsheld in Palazzo del Bo, Università degli Studi di Padova, Padua, Italy 15-19 June 2004cedited by Norbert Bartel  aBerlinbSpringer-Verlagc1985 a[various pagings.] aAstronomy and Astrophysics thesaurus aSuperNovae91357 aBartel, Norbert., ed.914475 cBK c8621d8621 00104070aBANbBANcGENd1986-03-10l0o524.352(063)/ SUPp9493r2021-11-05w1986-03-10yBKGDM 30.00